| 000 | 00857cam a2200205 4500500 | ||
|---|---|---|---|
| 005 | 20260329001255.0 | ||
| 041 | _afre | ||
| 042 | _adc | ||
| 100 | 1 | 0 |
_aBlanchard, Emmanuel _eauthor |
| 245 | 0 | 0 | _aL’imbroglio algérien |
| 260 | _c2020. | ||
| 500 | _a59 | ||
| 690 | _aApparu dans une ordonnance royale de 1834 | ||
| 690 | _a le mot « indigène » s’oppose alors à « Français » et à « étranger » : il indique simp | ||
| 690 | _aHarkis | ||
| 690 | _aIndigène | ||
| 690 | _aLe terme vient de « harka » (troupe supplétive provisoire). Il désigne les membres de ces troupes levées pendant la guerre d’ind | ||
| 786 | 0 | _nL'Histoire - Les Collections | 88 | 3 | 2020-07-09 | p. 82-87 | 2727-6945 | |
| 856 | 4 | 1 | _uhttps://shs.cairn.info/magazine-hist-l-hisoire-les-collections-2020-3-page-82?lang=fr&redirect-ssocas=7080 |
| 999 |
_c1803768 _d1803768 |
||